000 00426nam a2200193Ia 4500
005 20250603144957.0
008 250603s9999 xx 000 0 und d
020 _a0321365038
050 _aHB 171.5 .B155/
100 _aBade, Robin
245 0 _aFoundations of microeconomics
250 _a3rd ed.
260 _aBoston
260 _bPearson
260 _c2007
300 _a550 p
650 _aBoston
942 _cBK
999 _c40511
_d40511